书目信息 |
| 题名: |
宾退录
|
|
| 作者: | 赵與时 著 | |
| 分册: | ||
| 出版信息: | 上海 上海古籍出版社 1983.8 |
|
| 页数: | 163页 | |
| 开本: | 20cm | |
| 丛书名: | 宋元笔记丛书 | |
| 单 册: | ||
| 中图分类: | I242.1 | |
| 科图分类: | 242.1 | |
| 主题词: | 小说--中国 | |
| 电子资源: | ||
| ISBN: | ||
| 000 | 00553nam0 2200205 45 | |
| 001 | 0312221749 | |
| 005 | 20061111112759.95 | |
| 010 | @dCNY0.55 | |
| 100 | @a20031222d1983 km y0chiy0120 ea | |
| 101 | @achi | |
| 200 | 1 | @a宾退录@ABin Tui Lu@f(宋)赵與时著@F(song)zhao yu shi zhu |
| 210 | @a上海@c上海古籍出版社@d1983.8 | |
| 215 | @a163页@d20cm | |
| 225 | 2 | @a宋元笔记丛书 |
| 606 | 0 | @a小说@x中国 |
| 690 | @aI242.1@v3 | |
| 692 | @a242.1 | |
| 701 | 0 | @a赵與时@Azhao yu shi@4著 |
| 801 | @aCN@bTSTCL@c20061111 | |
| 905 | @a213230@dI242.1@e45:3@b219513-514@f2 | |
| 宾退录/(宋)赵與时著.-上海:上海古籍出版社,1983.8 |
| 163页;20cm.-(宋元笔记丛书) |
| ISBN :CNY0.55 |
| ● |
| 相关链接 |
|
|
|
|
正题名:宾退录
索取号:I242.1/45:3
 
预约/预借
| 序号 | 登录号 | 条形码 | 馆藏地/架位号 | 状态 | 备注 |
| 1 | 0162341 | 000178756 | 第一样本阅览室/ [索取号:I242.1/45:3] | 在馆 |